Data simulation in health insurance

Na minha lista:
Detalhes bibliográficos
Autor principal: Škrovánková, Petra, 1981-
Outros Autores: Škrovánková, Lea, 1954-
Formato: Capítulo de Livro
Idioma:eslovaco
Assuntos:
Tags: Adicionar Tag
Sem tags, seja o primeiro a adicionar uma tag!

MARC

LEADER 00000nla a2200000 4500
001 0190664
005 20240502073216.6
041 0 |a slo 
044 |a SK 
245 1 0 |a Data simulation in health insurance  |c Petra Škrovánková, Lea Škrovánková 
500 |a Abstrakt 
610 2 0 |a zdravie 
610 2 0 |a poistenie zdravotné 
610 2 0 |a modely stochastické 
610 2 0 |a softvér 
100 1 |a Škrovánková, Petra, 1981- 
700 1 |a Škrovánková, Lea, 1954-